| 000 | 01295nam a2200373 i 4500 | ||
|---|---|---|---|
| 001 | 24469 | ||
| 003 | KOSZ 005 | ||
| 005 | 20200415125057.0 | ||
| 008 | 970510s1995 pl a f f 001 0 pol | ||
| 015 | _aPB 1995/4590 | ||
| 020 | _a8301117559 | ||
| 040 |
_aWA N _cWA N _dKOSZ 005/RW |
||
| 046 | _k1995 | ||
| 080 | _a539.1 | ||
| 080 | _a(075.8) | ||
| 100 | 1 |
_aSkrzypczak, Ewa _d(1929- ). _eAutor |
|
| 245 | 1 | 0 |
_aWstęp do fizyki jądra atomowego i cząstek elementarnych : _bwykłady / _cEwa Skrzypczak, Zygmunt Szefliński. |
| 260 |
_aWarszawa : _bWydawnictwo Naukowe PWN, _c1995. |
||
| 300 |
_a182, [2] strony : _bilustracje ; _c24 cm. |
||
| 336 |
_aTekst _btxt _2rdacontent |
||
| 337 |
_aBez urządzenia pośredniczącego _bn _2rdamedia |
||
| 338 |
_aWolumin _bnc _2rdacarrier |
||
| 380 | _aKsiążki | ||
| 388 | _a1901-2000 | ||
| 504 | _aBibliografia przy rozdziałach. Indeks. | ||
| 658 | _aFizyka i astronomia | ||
| 655 | 4 | _aPodręczniki akademickie | |
| 650 | 4 | _aFizyka jądrowa | |
| 650 | 4 | _aCząstki elementarne | |
| 700 | 1 |
_aSzefliński, Zygmunt. _eAutor |
|
| 710 | 2 |
_aWydawnictwo Naukowe PWN _4pbl. |
|
| 856 |
_uhttp://koha.tu.koszalin.pl/cgi-bin/koha/opac-detail.pl?biblionumber=24469 _yKatalog online BPK |
||
| 942 |
_2UKD _cKS |
||
| 999 |
_c24469 _d24469 |
||